[Event "XX Sant Marti Open 2018"]
[Site "Sant Marti"]
[Date "2018.07.13"]
[Round "1"]
[White "Martinez Alcantara, Jose Eduardo"]
[Black "Minko, Dmitry"]
[Result "1-0"]
[WhiteElo "2545"]
[BlackElo "2085"]
[Annotator "TA"]
[PlyCount "49"]
[EventDate "2018.07.13"]
[EventType "swiss"]
[EventCountry "ESP"]
[SourceTitle "playchess.com"]
[Source "ChessBase"]
[SourceQuality "1"]

{[%evp 20,49,54,10,7,-56,-35,-54,58,52,76,70,70,76,71,65,82,82,79,81,108,108,104,104,127,125,229,210,433,434,430,418]} 1. e4 e5 2. Nf3 Nc6 3. Bb5 f5 4. Nc3 fxe4 5. Nxe4 Nf6 6. Nxf6+ Qxf6 7. Qe2 Be7 8. Bxc6 dxc6 9. Nxe5 Bf5 10. d3 O-O 11. Bd2 {LiveBook: 5 Partien. C63: Spanische Partie (Jänisch-Gambit)} (11. O-O Rae8 12. f4 Bd6 13. d4 c5 14. Be3 Qe6 15. b3 Qd5 16. Qf2 Qe4 17. c3 b6 18. dxc5 Bxe5 19. fxe5 {½-½ (32) Vallejo Pons,F (2697)-Ivanisevic,I (2645) Istanbul 2012}) 11... Bd6 12. Bc3 (12. f4 $1 $11) 12... Rae8 $1 $15 13. d4 $146 {Schwarz steht etwas besser.} ({Vorgänger:} 13. f4 Bxd3 14. cxd3 Qxf4 15. g3 Qf5 16. d4 c5 17. dxc5 Bxe5 18. Qc4+ Qe6 19. Qxe6+ Rxe6 {½-½ (32) Sukhov,N (2422)-Schuster,P (2525) IECG email 2004}) 13... Qg5 ({Günstiger ist} 13... c5 $15 14. f4 cxd4 15. Bxd4 {[#]} Bd3 $1 {[%mdl 512]} 16. Qxd3 Qxf4) 14. O-O $1 $14 Bxe5 15. dxe5 Qg6 16. Rac1 b6 17. f4 h5 18. Be1 {[%cal Bc3e1,Be1h4,Bh4g5][%mdl 32]} Rd8 19. Bh4 Rd5 20. Bg5 Rf7 21. h3 Rfd7 22. Rf2 Be4 (22... Rd4 $16 {kämpft weiter.} 23. c3 R4d5) 23. Re1 Rd4 $2 {[#]} (23... Bf5 {war einen Versuch wert.} 24. e6 R7d6) 24. e6 $1 $18 {[%mdl 512]} Qxe6 25. c3 {Precision: Weiß = 75%, Schwarz = 48%.} 1-0

[Event "XX Sant Marti Open 2018"]
[Site "Sant Marti"]
[Date "2018.07.13"]
[Round "1"]
[White "Quesada Perez, Yasser"]
[Black "Borrellas Comellas, Josep"]
[Result "1-0"]
[WhiteElo "2531"]
[BlackElo "2080"]
[Annotator "ChessBase"]
[PlyCount "83"]
[EventDate "2018.07.13"]
[EventType "swiss"]
[EventCountry "ESP"]
[SourceTitle "playchess.com"]
[Source "ChessBase"]
[SourceQuality "1"]
[TimeControl "5400+30"]

1. e4 {[%emt 0:00:00]} e5 {[%emt 0:18:42]} 2. Nf3 {[%emt 0:00:00]} Nc6 {[%emt 0:00:15]} 3. Nc3 {[%emt 0:00:00]} Nf6 {[%emt 0:00:12]} 4. Bb5 {[%emt 0:00:02]} d6 {[%emt 0:01:12]} 5. d4 {[%emt 0:00:15]} exd4 {[%emt 0:00:10]} 6. Nxd4 {[%emt 0:00:07]} Bd7 {[%emt 0:00:09]} 7. O-O {[%emt 0:02:51]} Be7 {[%emt 0:01:22]} 8. Bxc6 {[%emt 0:00:57]} bxc6 {[%emt 0:00:49]} 9. Qf3 {[%emt 0:00:07]} c5 {[%emt 0:01:21]} 10. Nf5 {[%emt 0:00:07]} Bxf5 {[%emt 0:00:30]} 11. exf5 {[%emt 0:03:19]} O-O {[%emt 0:01:06]} 12. Bg5 {[%emt 0:09:52]} h6 {[%emt 0:04:20]} 13. Bh4 {[%emt 0:03:57]} Nd7 {[%emt 0:04:52]} 14. Bxe7 {[%emt 0:00:18]} Qxe7 {[%emt 0:00:04]} 15. Nd5 {[%emt 0:00:47]} Qd8 {[%emt 0:00:52]} 16. Rfe1 {[%emt 0:00:48]} Nf6 {[%emt 0:06:11]} 17. Ne7+ {[%emt 0:04:47]} Kh8 {[%emt 0:00:39]} 18. Re3 {[%emt 0:10:01]} Re8 {[%emt 0:06:10]} 19. Rae1 {[%emt 0:00:11]} Qd7 {[%emt 0:01:24]} 20. g4 {[%emt 0:01:27]} Ng8 {[%emt 0:08:07]} 21. Qd5 {[%emt 0:16:03]} Rf8 {[%emt 0:06:05]} 22. g5 {[%emt 0:08:36]} hxg5 {[%emt 0:04:54]} 23. Rh3+ {[%emt 0:00:39]} Nh6 {[%emt 0:00:37]} 24. Qg2 {[%emt 0:02:45]} f6 {[%emt 0:08:48]} 25. Ng6+ {[%emt 0:00:20]} Kh7 {[%emt 0:00:42]} 26. Nxf8+ {[%emt 0:01:57]} Rxf8 {[%emt 0:00:16]} 27. Qe4 {[%emt 0:00:00]} Rf7 {[%emt 0:03:30]} 28. Qe8 {[%emt 0:05:17]} g4 {[%emt 0:07:39]} 29. Qxd7 {[%emt 0:01:13]} Rxd7 {[%emt 0:00:15]} 30. Ra3 {[%emt 0:00:42]} Nxf5 {[%emt 0:01:19]} 31. Rxa7 {[%emt 0:03:06]} Nd4 {[%emt 0:00:23]} 32. Rd1 {[%emt 0:00:07]} Nxc2 {[%emt 0:00:39]} 33. a4 {[%emt 0:00:03]} Nb4 {[%emt 0:01:39]} 34. a5 {[%emt 0:00:05]} Nc6 {[%emt 0:00:45]} 35. Ra8 {[%emt 0:06:01]} Nd4 {[%emt 0:01:12]} 36. a6 {[%emt 0:02:27]} c6 {[%emt 0:00:33]} 37. Ra1 {[%emt 0:01:32]} Nb5 {[%emt 0:02:12]} 38. Rb8 {[%emt 0:00:07]} Ra7 {[%emt 0:01:18]} 39. Rb6 {[%emt 0:00:11]} Nd4 {[%emt 0:00:28]} 40. Rb7 {[%emt 0:00:36]} Nb5 {[%emt 0:00:14]} 41. Rxa7 {[%emt 0:00:11]} Nxa7 {[%emt 0:00:02]} 42. Re1 {[%emt 0:00:08]} 1-0

[Event "XX Sant Marti Open 2018"]
[Site "Sant Marti"]
[Date "2018.07.13"]
[Round "1"]
[White "Cuartas, Jaime Alexander"]
[Black "Gomez Barrera, Javiera Belen"]
[Result "1-0"]
[WhiteElo "2508"]
[BlackElo "2063"]
[Annotator "ChessBase"]
[PlyCount "91"]
[EventDate "2018.07.13"]
[EventType "swiss"]
[EventCountry "ESP"]
[SourceTitle "playchess.com"]
[Source "ChessBase"]
[SourceQuality "1"]
[TimeControl "5400+30"]

1. Nf3 {[%emt 0:01:30]} Nf6 {[%emt 0:00:00]} 2. d4 {[%emt 0:00:09]} g6 {[%emt 0:00:00]} 3. Nc3 {[%emt 0:00:04]} d5 {[%emt 0:00:22]} 4. Bf4 {[%emt 0:00:05]} Bg7 {[%emt 0:02:08]} 5. Nb5 {[%emt 0:00:42]} Na6 {[%emt 0:11:00]} 6. e3 {[%emt 0:00:13]} c6 {[%emt 0:07:32]} 7. Nc3 {[%emt 0:00:11]} Nc7 {[%emt 0:03:51]} 8. h3 {[%emt 0:00:21]} O-O {[%emt 0:03:01]} 9. Be2 {[%emt 0:00:56]} Re8 {[%emt 0:10:47]} 10. O-O {[%emt 0:00:15]} b6 {[%emt 0:09:11]} 11. b4 {[%emt 0:11:31]} Bb7 {[%emt 0:08:32]} 12. Rb1 {[%emt 0:00:14]} Ne4 {[%emt 0:05:21]} 13. Qe1 {[%emt 0:00:24]} Nd6 {[%emt 0:05:15]} 14. a4 {[%emt 0:00:29]} f6 {[%emt 0:04:55]} 15. e4 {[%emt 0:07:19]} e5 {[%emt 0:06:51]} 16. dxe5 {[%emt 0:01:44]} fxe5 {[%emt 0:00:58]} 17. Bg5 {[%emt 0:00:54]} Bf6 {[%emt 0:01:59]} 18. Bxf6 {[%emt 0:09:28]} Qxf6 {[%emt 0:00:08]} 19. Bd3 {[%emt 0:00:04]} d4 {[%emt 0:03:20]} 20. Ne2 {[%emt 0:00:08]} Ne6 {[%emt 0:07:12]} 21. Nd2 {[%emt 0:09:11]} c5 {[%emt 0:06:16]} 22. f3 {[%emt 0:01:35]} Rac8 {[%emt 0:01:03]} 23. Nc4 {[%emt 0:00:31]} Nxc4 {[%emt 0:00:59]} 24. Bxc4 {[%emt 0:00:04]} Kg7 {[%emt 0:00:42]} 25. b5 {[%emt 0:01:55]} Rcd8 {[%emt 0:00:31]} 26. a5 {[%emt 0:00:18]} Bc8 {[%emt 0:00:30]} 27. axb6 {[%emt 0:00:39]} axb6 {[%emt 0:00:01]} 28. Ra1 {[%emt 0:00:06]} Nf4 {[%emt 0:00:59]} 29. Ra7+ {[%emt 0:03:39]} Rd7 {[%emt 0:00:09]} 30. Ra8 {[%emt 0:00:27]} Rde7 {[%emt 0:00:23]} 31. Nxf4 {[%emt 0:01:37]} Qxf4 {[%emt 0:00:15]} 32. Qe2 {[%emt 0:04:21]} Qg5 {[%emt 0:01:16]} 33. Ra3 {[%emt 0:01:23]} h5 {[%emt 0:00:29]} 34. Kh1 {[%emt 0:05:53]} h4 {[%emt 0:00:23]} 35. Rfa1 {[%emt 0:00:05]} Be6 {[%emt 0:00:37]} 36. Ra6 {[%emt 0:00:31]} Bxc4 {[%emt 0:00:29]} 37. Qxc4 {[%emt 0:00:06]} Rb8 {[%emt 0:00:33]} 38. Qd5 {[%emt 0:01:52]} Qf6 {[%emt 0:00:25]} 39. Kg1 {[%emt 0:04:22]} Qe6 {[%emt 0:00:34]} 40. Qxe6 {[%emt 0:06:06]} Rxe6 {[%emt 0:00:01]} 41. Ra7+ {[%emt 0:00:05]} Kf6 {[%emt 0:00:37]} 42. Rh7 {[%emt 0:00:08]} Kg5 {[%emt 0:00:52]} 43. Raa7 {[%emt 0:00:12]} Rd8 {[%emt 0:00:30]} 44. Kf2 {[%emt 0:00:19]} Rf6 {[%emt 0:00:30]} 45. g3 {[%emt 0:00:21]} d3 {[%emt 0:00:29]} 46. f4+ {[%emt 0:00:21]} 1-0

[Event "XX Sant Marti Open 2018"]
[Site "Sant Marti"]
[Date "2018.07.13"]
[Round "1"]
[White "Oliva Castaneda, Kevel"]
[Black "Busquets, Luis"]
[Result "1-0"]
[WhiteElo "2491"]
[BlackElo "2055"]
[Annotator "TA"]
[PlyCount "55"]
[EventDate "2018.07.13"]
[EventType "swiss"]
[EventCountry "ESP"]
[SourceTitle "playchess.com"]
[Source "ChessBase"]
[SourceQuality "1"]

{[%evp 20,55,136,133,147,150,133,100,99,85,85,91,163,156,159,120,130,125,122,116,106,22,221,125,202,173,429,424,434,425,396,313,1033,997,1025,1026,1004,972]} 1. d4 Nf6 2. c4 g6 3. Nc3 Bg7 4. e4 O-O 5. Be3 d6 6. Be2 e5 7. d5 Nbd7 8. g4 Nc5 {E73: King's Indian: Averbakh Variation without 6...c5} 9. f3 a5 10. h4 Ne8 (10... h5 11. g5 Nh7 12. Kd2 Bd7 13. Nh3 c6 14. Nf2 cxd5 15. exd5 f5 16. gxf6 Nxf6 17. Bxc5 dxc5 {0-1 (37) Vallejo Pons,F (2705)-Radjabov,T (2741) Palma de Mallorca 2017}) 11. h5 {LiveBook: 3 Games} f5 12. hxg6 hxg6 13. gxf5 gxf5 14. Nh3 f4 $146 ({Predecessor:} 14... Qh4+ 15. Kd2 Qe7 16. Qg1 Nf6 17. Ng5 f4 18. Bf2 Ng4 19. Nh7 Nxf2 20. Qxf2 Rf7 21. Rag1 Nd7 22. Qh2 {1-0 (22) Asaka,S (1959)-Clarke,B (2360) Cammeray 2018}) 15. Bf2 Bd7 (15... Kf7 $16) 16. Kd2 $1 $18 Kf7 17. Qg1 Bf6 18. Bxc5 {Hoping for Bf2.} Rg8 19. Qh2 $1 {Bf2 is the strong threat.} dxc5 20. Nf2 ({White should play} 20. Rag1 $1 $16) 20... Ng7 $2 {[#]} (20... Nd6 $1 $11) 21. Nd3 (21. Rag1 $1 $18) 21... b6 {[#]} (21... Rh8 $16 22. Qg2 Nh5) 22. Rag1 $1 $36 {[%mdl 2048] Strongly threatening Qh6. White is really pushing.} Be8 $2 (22... Rh8) 23. Qh7 Kf8 24. Rh6 Bf7 25. Bd1 Bg5 $2 (25... Qe7 26. Ba4 Bg5) 26. Nxe5 {White is clearly winning.} Bxh6 27. Qxh6 Qe7 28. Qxf4 {Precision: White = 63%, Black = 31%.} 1-0

[Event "XX Sant Marti Open 2018"]
[Site "Sant Marti"]
[Date "2018.07.13"]
[Round "1"]
[White "Pena Gomez, Manuel"]
[Black "Anustoop Biswas"]
[Result "1/2-1/2"]
[WhiteElo "2475"]
[BlackElo "2052"]
[Annotator "RC"]
[PlyCount "90"]
[EventDate "2018.07.13"]
[EventType "swiss"]
[EventCountry "ESP"]
[SourceTitle "playchess.com"]
[Source "ChessBase"]
[SourceQuality "1"]
[TimeControl "5400+30"]

1. g3 {[%emt 0:00:00]} d5 {[%emt 0:00:34]} 2. Bg2 {[%emt 0:00:00]} Nf6 {[%emt 0:01:54]} 3. c4 {[%emt 0:00:00]} c6 {[%emt 0:01:12]} 4. Nf3 {[%emt 0:00:00]} dxc4 {[%emt 0:00:39]} 5. O-O {[%emt 0:00:02]} Nbd7 {[%emt 0:00:20]} 6. a4 {[%emt 0:01:34]} a5 {[%emt 0:04:13]} 7. b3 {[%emt 0:08:28]} cxb3 {[%emt 0:00:56]} 8. Qxb3 {[%emt 0:00:03]} e6 {[%emt 0:00:15]} 9. d4 {[%emt 0:00:34]} Be7 {[%emt 0:00:39]} 10. Nbd2 {[%emt 0:04:27]} O-O {[%emt 0:02:10]} 11. Nc4 {[%emt 0:02:02]} Nd5 {[%emt 0:03:49]} 12. Bd2 {[%emt 0:01:14]} b6 {[%emt 0:02:40]} 13. Rfc1 {[%emt 0:00:47]} Nb8 14. Nfe5 {[%emt 0:02:18]} Ba6 {[%emt 0:10:24]} 15. Rab1 {[%emt 0:28:35]} Bb4 {[%emt 0:11:34]} 16. Bxb4 {[%emt 0:10:24]} Nxb4 {[%emt 0:00:03]} 17. Nd3 {[%emt 0:00:56]} Qxd4 {[%emt 0:02:42]} 18. Nxb4 {[%emt 0:00:38]} axb4 {[%emt 0:00:03]} 19. Qxb4 {[%emt 0:03:35]} b5 {[%emt 0:00:42]} 20. e3 {[%emt 0:01:44]} Qa7 {[%emt 0:01:54]} 21. axb5 {[%emt 0:00:47]} Bxb5 {[%emt 0:00:06]} 22. Nd6 {[%emt 0:00:06]} Bd3 {[%emt 0:02:47]} 23. Rb3 {[%emt 0:03:42]} Bg6 {[%emt 0:00:15]} 24. h4 {[%emt 0:02:06]} h6 {[%emt 0:03:23]} 25. Bf3 {[%emt 0:04:14]} Qa5 {[%emt 0:01:52]} 26. Kg2 {[%emt 0:08:02]} Nd7 {[%emt 0:07:07]} 27. Bxc6 {[%emt 0:04:04]} Qxb4 {[%emt 0:00:14]} 28. Rxb4 {[%emt 0:00:01]} Ra6 {[%emt 0:00:01]} 29. Rd4 {[%emt 0:02:27]} Ne5 {[%emt 0:00:23]} 30. Bb7 {[%emt 0:00:12]} Ra2 {[%emt 0:00:15]} 31. Nc8 {[%emt 0:06:05]} Kh7 {[%emt 0:01:34]} 32. Ne7 {[%emt 0:00:33]} Bh5 {[%emt 0:01:34]} 33. Rc5 {[%emt 0:02:22]} f6 {[%emt 0:00:02]} 34. Be4+ {[%emt 0:00:36]} Kh8 {[%emt 0:00:56]} 35. Rd6 {[%emt 0:01:38]} Bf7 {[%emt 0:02:21]} 36. Rc2 {[%emt 0:01:27]} Rxc2 {[%emt 0:00:22]} 37. Bxc2 {[%emt 0:00:01]} Re8 {[%emt 0:00:30]} 38. Nc6 {[%emt 0:00:53]} Nxc6 {[%emt 0:00:03]} 39. Rxc6 {[%emt 0:00:05]} e5 {[%emt 0:00:04]} 40. Rc5 {[%emt 0:00:14]} Rd8 {[%emt 0:00:10]} 41. Be4 {[%emt 0:00:17]} Kg8 {[%emt 0:00:12]} 42. g4 {[%emt 0:00:28]} Be6 {[%emt 0:00:10]} 43. g5 {[%emt 0:00:54]} hxg5 {[%emt 0:00:33]} 44. hxg5 {[%emt 0:00:02]} Kf7 {[%emt 0:00:29]} 45. Kg3 {[%emt 0:00:22]} Rd1 {[%emt 0:00:56]} 1/2-1/2

[Event "XX Sant Marti Open 2018"]
[Site "Sant Marti"]
[Date "2018.07.13"]
[Round "1"]
[White "Gonzalez Saguillo, Oriol"]
[Black "Guseinov, Gadir"]
[Result "0-1"]
[WhiteElo "2090"]
[BlackElo "2654"]
[Annotator "TA"]
[PlyCount "64"]
[EventDate "2018.07.13"]
[EventType "swiss"]
[EventCountry "ESP"]
[SourceTitle "playchess.com"]
[Source "ChessBase"]
[SourceQuality "1"]

{[%evp 16,64,39,47,64,68,76,66,50,46,71,25,19,-12,35,0,0,0,82,-41,-41,-31,-39,-42,-31,-73,52,37,71,91,96,-302,-290,-350,-372,-544,-537,-550,-544,-570,-561,-816,-833,-1032,-1028,-1203,-1186,-1027,-729,-753,-749]} 1. d4 Nf6 2. Nc3 g6 3. e4 d6 4. Bg5 Bg7 5. Qd2 Nbd7 6. Bh6 {B07: Pirc-Ufimzew-Verteidigung} Bxh6 7. Qxh6 c5 8. Nf3 cxd4 9. Nxd4 {LiveBook: 3 Partien} Nc5 $146 ({Vorgänger:} 9... Qa5 10. O-O-O a6 11. Kb1 b5 12. Nd5 Nxd5 13. exd5 {1-0 (60) Kharchenko,B (2476)-Andriasian,Z (2600) St Petersburg 2012}) 10. f3 Bd7 11. Bc4 a6 12. O-O-O b5 13. Qg7 {[%csl Gg7][%cal Rc4f7] [#]} Rf8 14. Bb3 Rc8 15. h4 e6 16. Rhe1 Nh5 {[#]} (16... e5 $11 {bleibt in der Remisbreite.}) 17. Qxh7 (17. Qh6 $1 $16) 17... Qxh4 $15 18. Kb1 Qf6 19. Qh6 $1 Qf4 $36 {[%mdl 2048] Schwarz kämpft um Vorteil.} 20. Qh7 Nf6 (20... Ke7 $17 {Und ...Th8 würde nun gewinnen.} 21. Nf5+ gxf5 22. Qxh5 fxe4) 21. Qh1 $14 Ke7 {[%cal Be8e7,Be7f8,Bf8g8][%mdl 32]} 22. Qg1 Rh8 23. Nd5+ $2 {[%mdl 8192]} (23. g3 $16 Qg5 24. f4) 23... exd5 $19 24. exd5+ Kf8 25. Ne6+ (25. Ne2 $142 Qf5 26. Qe3) 25... fxe6 {Schwarz steht klar auf Gewinn.} 26. dxe6 Be8 27. g3 Qf5 28. Qd4 {Droht g4 und aus.} Nxb3 {[%csl Gc8][%cal Rf5c2]} 29. Qxd6+ Kg8 {[%csl Gc8][%cal Rf5c2]} 30. axb3 Qxc2+ 31. Ka2 Qc7 32. Qd4 Qe7 {Precision: Weiß = 40%, Schwarz = 45%.} 0-1

[Event "XX Sant Marti Open 2018"]
[Site "Sant Marti"]
[Date "2018.07.13"]
[Round "1"]
[White "Jaeel Atharva"]
[Black "Krysa, Leandro"]
[Result "0-1"]
[WhiteElo "2083"]
[BlackElo "2533"]
[Annotator "ChessBase"]
[PlyCount "66"]
[EventDate "2018.07.13"]
[EventType "swiss"]
[EventCountry "ESP"]
[SourceTitle "playchess.com"]
[Source "ChessBase"]
[SourceQuality "1"]
[TimeControl "5400+30"]

1. d4 {[%emt 0:07:28]} Nf6 {[%emt 0:00:00]} 2. c4 {[%emt 0:00:15]} e6 {[%emt 0:00:00]} 3. Nf3 {[%emt 0:00:08]} d5 {[%emt 0:00:10]} 4. Nc3 {[%emt 0:00:11]} c5 {[%emt 0:00:23]} 5. cxd5 {[%emt 0:00:08]} Nxd5 {[%emt 0:00:08]} 6. e4 {[%emt 0:00:09]} Nxc3 {[%emt 0:00:09]} 7. bxc3 {[%emt 0:00:08]} cxd4 {[%emt 0:00:25]} 8. cxd4 {[%emt 0:00:07]} Bb4+ {[%emt 0:00:07]} 9. Bd2 {[%emt 0:00:06]} Bxd2+ {[%emt 0:00:06]} 10. Qxd2 {[%emt 0:00:06]} O-O {[%emt 0:00:06]} 11. Bc4 {[%emt 0:00:07]} Nd7 {[%emt 0:00:24]} 12. O-O {[%emt 0:00:09]} b6 {[%emt 0:00:49]} 13. a4 {[%emt 0:01:41]} Bb7 {[%emt 0:00:30]} 14. Rfe1 {[%emt 0:01:14]} Rb8 {[%emt 0:01:49]} 15. d5 {[%emt 0:10:23]} Nc5 {[%emt 0:14:52]} 16. Rad1 {[%emt 0:12:52]} exd5 {[%emt 0:10:52]} 17. Bxd5 {[%emt 0:00:53]} Qf6 {[%emt 0:11:02]} 18. Qa2 {[%emt 0:14:46]} h6 {[%emt 0:14:41]} 19. h3 {[%emt 0:13:41]} Rfe8 {[%emt 0:08:03]} 20. e5 {[%emt 0:06:14]} Bxd5 {[%emt 0:02:33]} 21. Rxd5 {[%emt 0:03:38]} Qc6 {[%emt 0:01:39]} 22. a5 {[%emt 0:06:47]} Red8 {[%emt 0:05:24]} 23. Red1 {[%emt 0:04:12]} Rxd5 {[%emt 0:02:17]} 24. Rxd5 {[%emt 0:01:33]} Ne4 {[%emt 0:03:23]} 25. Rd3 {[%emt 0:05:55]} bxa5 {[%emt 0:03:16]} 26. Nd2 {[%emt 0:02:15]} a4 {[%emt 0:08:06]} 27. Nxe4 {[%emt 0:01:03]} Qxe4 {[%emt 0:00:04]} 28. Rd7 {[%emt 0:02:06]} Qe1+ {[%emt 0:01:14]} 29. Kh2 {[%emt 0:00:12]} Qxe5+ {[%emt 0:00:04]} 30. g3 {[%emt 0:00:35]} Qf6 {[%emt 0:01:20]} 31. Qe2 {[%emt 0:01:34]} g6 {[%emt 0:04:12]} 32. Rd2 {[%emt 0:00:55]} a3 {[%emt 0:00:54]} 33. Qe3 {[%emt 0:00:20]} Rb2 {[%emt 0:00:41]} 0-1

[Event "XX Sant Marti Open 2018"]
[Site "Sant Marti"]
[Date "2018.07.13"]
[Round "1"]
[White "Kumar, Gaurav"]
[Black "Alonso Rosell, Alvar"]
[Result "0-1"]
[WhiteElo "2074"]
[BlackElo "2523"]
[Annotator "TA"]
[PlyCount "152"]
[EventDate "2018.07.13"]
[EventType "swiss"]
[EventCountry "ESP"]
[SourceTitle "playchess.com"]
[Source "ChessBase"]
[SourceQuality "1"]

{[%evp 9,152,3,27,0,0,4,3,2,-2,-18,-11,-10,5,8,-2,22,12,3,0,1,5,-18,6,4,22,16,10,8,14,-8,0,-7,0,0,0,0,25,17,39,52,39,29,51,56,41,53,190,197,227,225,207,214,232,214,219,203,299,291,291,282,350,343,296,310,420,343,454,318,315,13,10,0,0,0,0,0,0,-5,-5,-5,-5,-106,-104,-106,-103,-171,-170,-183,-183,-183,-183,-183,-8,-8,-8,-8,0,-183,-183,-183,-183,-183,0,-14,-17,-16,-8,-8,-8,-58,-5,-8,-8,-160,-8,-8,-8,-8,0,-625,-606,-29958,-29959,-29961,-29962,-29971,-29972,-29970,-29966,-29965,-29966,-29969,-29972,-29972,-29973,-29973,-29972,-29977,-29978,-29978,-29979,-29981,-29982,-29982,-29982]} 1. e4 c6 2. d4 d5 3. e5 Bf5 4. h4 h6 5. g4 Bd7 {LiveBook: 272 Games} 6. Bd3 {B12: Caro-Kann: Advance Variation} (6. Be3 Qb6 7. Nd2 e6 8. Nb3 Na6 9. h5 c5 10. dxc5 Nxc5 11. Nf3 Qc7 12. c3 b6 13. Nbd4 a6 {½-½ (56) Nepomniachtchi,I (2767)-Dreev,A (2652) Doha 2016}) 6... c5 7. dxc5 Qc7 $146 ({Predecessor:} 7... Nc6 8. Qe2 e6 9. g5 hxg5 10. Bxg5 Qc7 11. Nf3 Bxc5 12. c3 f6 13. exf6 gxf6 {0-1 (31) Reimaa,S (2141)-Murphy,H (2135) England 2013}) 8. Nc3 {The position is equal.} e6 9. Qe2 Bxc5 10. Nf3 Nc6 11. Nb5 Qb6 12. c3 a6 $1 {[%cal Ra6b5]} 13. Nd6+ Bxd6 $1 14. exd6 Nf6 15. Rg1 Qc5 16. Bf4 O-O-O 17. Ne5 Nxe5 18. Bxe5 Ne8 19. b4 Qb6 $1 20. a4 $132 {[%mdl 2048] White is not keeping still} f6 $1 {[%cal Rf6e5]} 21. Bd4 $1 {[%cal Rd4b6]} ({But not} 21. a5 Qc6 $17) 21... Qxd6 22. Qe3 Nc7 23. f4 e5 24. fxe5 fxe5 25. Bxe5 Rhe8 26. Bxd6 Rxe3+ 27. Kd2 Rh3 (27... Rf3 $14) 28. Bg3 $1 $18 Rf8 29. Bf1 Rxg3 30. Rxg3 Rf2+ 31. Be2 Ne6 32. Ke3 Rf4 (32... Rh2 $142 33. h5 Ng5) 33. Rf1 d4+ 34. Kd2 Re4 35. Bd3 dxc3+ 36. Kxc3 Re5 37. a5 Kd8 38. Bf5 Bb5 39. Bxe6 $2 (39. Rff3 $18) 39... Bxf1 $11 40. Bc4 Bxc4 41. Kxc4 {[%mdl 4096] Endgame KR-KR} Re4+ 42. Kc5 Kc7 43. h5 Re5+ 44. Kd4 Rg5 45. Kc4 (45. Rg2 $11 {keeps the balance.}) 45... g6 $17 46. hxg6 h5 $1 47. Kd4 {Strongly threatening Rc3+.} hxg4 48. Ke4 Rxg6 49. Kf5 Rg8 $1 50. Ke6 Re8+ $2 (50... Kc6 $19 {Threatens to win with ...Re8+.} 51. Kf7 Rd8 52. Rxg4 Kb5) 51. Kd5 $11 Rd8+ 52. Ke5 $1 Rg8 $2 (52... Rd7 $11) 53. Ke6 $1 $19 Kc6 54. Kf7 Rg5 55. Kf6 {[#]} Rg8 $2 ({Better is} 55... Rh5 $1 $19 56. Rxg4 Kb5) 56. Kf7 $1 $11 {[%cal Rf7g8]} Rd8 57. Rxg4 Kb5 58. Ke6 Ka4 59. Ke5 Rh8 (59... Rd1 $15 60. Rg7 Kxb4 61. Rxb7+ Kxa5) 60. Kd6 Rh5 {next ...Rb5 is good for Black.} 61. b5+ $2 ({White must play} 61. Rg1 $1 $11) 61... Kxb5 $2 (61... Kxa5 $17 62. bxa6 Kxa6 63. Ra4+ Ra5) 62. Rg7 Kxa5 63. Rxb7 Ka4 {And now ...a5 would win.} 64. Rc7 $2 {[%mdl 8192]} (64. Kc6 $11) 64... a5 $19 {[%cal Ba6a5,Ba5a4,Ba4a3,Ba3a2][%mdl 32]} 65. Rb7 {[#]} Ka3 $1 {Black mates.} 66. Kc6 a4 67. Ra7 Kb3 68. Rb7+ Ka2 69. Rg7 Rh2 70. Kc5 a3 71. Kc4 Kb2 72. Rb7+ Kc1 73. Ra7 a2 74. Kc3 Rc2+ 75. Kb3 Kb1 76. Ra6 Rb2+ {Precision: White = 49%, Black = 50%.} 0-1

[Event "XX Sant Marti Open 2018"]
[Site "Sant Marti"]
[Date "2018.07.13"]
[Round "1"]
[White "Guix Torres, David"]
[Black "Munoz, Miguel"]
[Result "0-1"]
[WhiteElo "2059"]
[BlackElo "2500"]
[Annotator "RC"]
[PlyCount "72"]
[EventDate "2018.07.13"]
[EventType "swiss"]
[EventCountry "ESP"]
[SourceTitle "playchess.com"]
[Source "ChessBase"]
[SourceQuality "1"]
[TimeControl "5400+30"]

1. d4 {[%emt 0:00:00]} Nf6 {[%emt 0:08:29]} 2. Nf3 {[%emt 0:03:27]} c5 {[%emt 0:00:31]} 3. e3 {[%emt 0:00:15]} g6 {[%emt 0:00:18]} 4. Be2 {[%emt 0:00:16]} Bg7 {[%emt 0:00:24]} 5. O-O {[%emt 0:00:15]} O-O {[%emt 0:00:22]} 6. dxc5 {[%emt 0:00:41]} Qa5 {[%emt 0:06:06]} 7. a3 {[%emt 0:01:18]} Qxc5 {[%emt 0:00:34]} 8. b4 {[%emt 0:00:14]} Qc7 {[%emt 0:00:20]} 9. Bb2 {[%emt 0:00:13]} d5 {[%emt 0:01:36]} 10. Nbd2 {[%emt 0:00:45]} Bg4 {[%emt 0:00:57]} 11. Rc1 {[%emt 0:05:19]} Rd8 {[%emt 0:07:28]} 12. c4 {[%emt 0:11:47]} Nc6 {[%emt 0:08:31]} 13. b5 {[%emt 0:22:32]} Bxf3 {[%emt 0:21:04]} 14. Bxf3 {[%emt 0:00:54]} Ne5 {[%emt 0:00:15]} 15. cxd5 {[%emt 0:00:23]} Nxf3+ {[%emt 0:00:05]} 16. Nxf3 {[%emt 0:09:58]} Qd7 {[%emt 0:03:08]} 17. Qe2 {[%emt 0:10:17]} Qxd5 {[%emt 0:01:19]} 18. Bd4 {[%emt 0:09:32]} Ne4 {[%emt 0:04:26]} 19. Qb2 {[%emt 0:12:48]} Bxd4 {[%emt 0:01:26]} 20. Qxd4 {[%emt 0:01:24]} Qxd4 {[%emt 0:00:26]} 21. Nxd4 {[%emt 0:02:56]} Rac8 {[%emt 0:00:21]} 22. g3 {[%emt 0:00:51]} Nc3 {[%emt 0:00:39]} 23. Rc2 {[%emt 0:03:20]} e5 {[%emt 0:02:10]} 24. Nf3 {[%emt 0:00:09]} Nxb5 {[%emt 0:00:42]} 25. Rb2 {[%emt 0:01:43]} Rd5 {[%emt 0:00:28]} 26. Rfb1 {[%emt 0:01:05]} Nxa3 {[%emt 0:01:00]} 27. Ra1 {[%emt 0:00:12]} Nb5 {[%emt 0:00:06]} 28. Ng5 {[%emt 0:00:53]} a6 {[%emt 0:00:59]} 29. Kg2 {[%emt 0:00:24]} Rc4 {[%emt 0:00:32]} 30. h4 {[%emt 0:00:31]} Kg7 {[%emt 0:02:47]} 31. Nf3 {[%emt 0:00:15]} Rc6 {[%emt 0:01:58]} 32. Ra5 {[%emt 0:00:40]} f6 {[%emt 0:01:39]} 33. Ra1 {[%emt 0:00:34]} Nd6 {[%emt 0:00:15]} 34. Rab1 {[%emt 0:00:21]} b5 {[%emt 0:02:45]} 35. Ra2 {[%emt 0:00:41]} Nc4 {[%emt 0:00:10]} 36. Rc2 {[%emt 0:00:35]} Nxe3+ {[%emt 0:00:07]} 0-1